SD Eibar Squad 2019-2020 - Statistics

General Stats
  • This quiz has been taken 6 times
  • The average score is 18 of 25
Answer Stats
# Position Nation Player % Correct
23 DF Spain Anaitz Arbilla
100%
14 FW Chile Fabián Orellana
100%
- Coach Spain José Luis Mendilibar
100%
17 FW Spain Kike García
100%
1 GK Serbia Marko Dmitrović
100%
8 MF Senegal Pape Diop
100%
9 FW Spain Sergi Enrich
100%
22 FW Japan Takashi Inui
100%
19 FW Brazil Charles Dias
80%
10 MF Spain Edu Expósito
80%
5 MF Argentina Gonzalo Escalante
80%
15 DF Spain José Ángel
80%
12 DF Portugal Paulo Oliveira
80%
21 FW Spain Pedro León
80%
13 GK Spain Yoel Rodríguez
80%
24 DF Spain Álvaro Tejero
60%
4 DF Spain Iván Ramis
60%
16 FW Argentina Pablo De Blasis
60%
6 MF Spain Sergio Álvarez
60%
3 DF Spain Pedro Bigas
40%
7 FW Spain Quique González
40%
11 DF Portugal Rafa Soares
40%
20 DF Spain Roberto Correa
40%
2 DF Argentina Esteban Burgos
20%
18 MF Uruguay Sebastián Cristóforo
20%
No matching quizzes found
Score Distribution
Percent of People with Each Score
Percentile by Number Answered
Your Score History
You have not taken this quiz